| 000 | 00966nam a2200289Ia 4500 | ||
|---|---|---|---|
| 001 | dia_1971 | ||
| 003 | CHAP | ||
| 005 | 20230622085311.0 | ||
| 008 | 220117s1968 xx 000 0 und d | ||
| 010 | _a172504 | ||
| 040 | _cCHAP | ||
| 082 | _a338.13 D57 1971 | ||
| 110 |
_aDirección de crédito. Departamento de crédito, planes y líneas _9151944 |
||
| 245 |
_aCostos de cultivos agrícolas para el cíclo Invierno 1967-68 / _c Departamento de crédito, planes y líneas |
||
| 260 |
_aMéxico : _b Dirección de crédito, _c1968 |
||
| 300 | _a28 h. | ||
| 590 | _aHD1741.M4 D57 1971 | ||
| 650 |
_aCrops _xCosts _9151945 |
||
| 650 |
_aCrops _xFinance _9151946 |
||
| 650 |
_aCultivos _xCostos _9151947 |
||
| 650 |
_aCultivos _xFinanciación _9151948 |
||
| 710 |
_aDirección de crédito (México) _9151949 |
||
| 901 | _a338.13 D57 1971 | ||
| 902 | _aM | ||
| 905 | _a5232271968 mx n 8122222322spa16 | ||
| 942 |
_cLIBRO _2ddc |
||
| 999 |
_c172504 _d172504 |
||